مكتبة جامعة عجلون الوطنية

فهرس بحث المكتبة

Normal view MARC view
  • ادارة الجودة الشاملة - مواصفات الايزو 9000- ادارة الانتاج

Entry Topical Term

Number of records used in: 1

001 - CONTROL NUMBER

  • control field: 57220

003 - CONTROL NUMBER IDENTIFIER

  • control field: JO-AjAnu

005 - DATE AND TIME OF LATEST TRANSACTION

  • control field: 20230606083354.0

008 - FIXED-LENGTH DATA ELEMENTS

  • fixed length control field: 230606|| aca||aabn | a|a d

040 ## - CATALOGING SOURCE

  • Original cataloging agency: JO-AjAnu
  • Transcribing agency: JO-AjAnu

150 ## - HEADING--TOPICAL TERM

  • Topical term or geographic name entry element: ادارة الجودة الشاملة - مواصفات الايزو 9000- ادارة الانتاج

670 ## - SOURCE DATA FOUND

  • Source citation: Work cat.: (JO-AjAnu)29195: تاليف الشبراوي، عادل, author 57219, الدليل العلمي لتطبيق ادارة الجودة الشاملة: آيزو9000 - المقارنة المرجعية = TQM ISO 9000 Bench Marking